000
00264nam a2200121Ia 4500
008
191201s2019 xx 000 0 und d
100
_a
HILL,Richard M
245
0
_a
Industrial Marketing
260
_b
AITBS Pub
300
_a
703
650
_a
MBA
942
_2
ddc
_c
BK
999
_c
7009
_d
7009